000 004590000a22001930004500
001 003987
003 MACL
005 20150814160522.0
008 150814b xxu||||| |||| 00| 0 eng d
040 _aMACL
_cMACL
041 _aEnglish
082 _a503
100 _aArya, S.P.
_95672
245 _aDictionary Of Physics
_cS.P. Arya
260 _aJaipur
_c2001
_bR.R.Books Company,
350 _a250
650 _aDictionaries
_95673
942 _k503
_cBK
_2ddc
999 _c15880
_d15880